|
|
|
|
| LEADER |
00000cam a22000002c 4500 |
| 001 |
1866322168 |
| 003 |
DE-627 |
| 005 |
20250112054913.0 |
| 007 |
cr uuu---uuuuu |
| 008 |
231019s2022 xx |||||o 00| ||eng c |
| 035 |
|
|
|a (DE-627)1866322168
|
| 035 |
|
|
|a (DE-599)KXP1866322168
|
| 040 |
|
|
|a DE-627
|b ger
|c DE-627
|e rda
|
| 041 |
|
|
|a eng
|
| 084 |
|
|
|a 2,1
|2 ssgn
|
| 100 |
1 |
|
|a Wardle, Samuel W.
|e VerfasserIn
|4 aut
|
| 245 |
1 |
0 |
|a Extreme Circumstances Call for Extreme Measures: How United States v. Lyons' Radical Remedies Corrected a Grave Injustice
|
| 264 |
|
1 |
|c 2022
|
| 336 |
|
|
|a Text
|b txt
|2 rdacontent
|
| 337 |
|
|
|a Computermedien
|b c
|2 rdamedia
|
| 338 |
|
|
|a Online-Ressource
|b cr
|2 rdacarrier
|
| 520 |
|
|
|a Over the course of a decade, Antonino Nino Lyons appeared before the United States District Court for the Middle District of Florida at least four times. In 2001, a jury convicted Lyons of crimes carrying a mandatory minimum sentence oflife in federal prison. In 2003, the Honorable Gregory Presnell ordered Lyons to be released on bail, only to be reversed by the Eleventh Circuit. A year later, in 2004, Judge Presnell again ordered Lyons' release, and this time, there was no appeal. Finally, in 2010, Judge Presnell took the extraordinary step of granting Lyons' petition for a certification of actual innocence. This certification cleared the path for Lyons' successful suit against the United States Government for wrongful conviction
|
| 856 |
4 |
0 |
|u https://core.ac.uk/download/524834904.pdf
|x Verlag
|z kostenfrei
|3 Volltext
|7 0
|
| 935 |
|
|
|a mkri
|
| 951 |
|
|
|a BO
|
| ELC |
|
|
|a 1
|
| LOK |
|
|
|0 000 xxxxxcx a22 zn 4500
|
| LOK |
|
|
|0 001 4392967891
|
| LOK |
|
|
|0 003 DE-627
|
| LOK |
|
|
|0 004 1866322168
|
| LOK |
|
|
|0 005 20231019043653
|
| LOK |
|
|
|0 008 231019||||||||||||||||ger|||||||
|
| LOK |
|
|
|0 035
|a (DE-2619)CORE123366223
|
| LOK |
|
|
|0 040
|a DE-2619
|c DE-627
|d DE-2619
|
| LOK |
|
|
|0 092
|o n
|
| LOK |
|
|
|0 852
|a DE-2619
|
| LOK |
|
|
|0 852 1
|9 00
|
| LOK |
|
|
|0 935
|a core
|
| LOK |
|
|
|0 939
|a 19-10-23
|b l01
|
| OAS |
|
|
|a 1
|
| ORI |
|
|
|a SA-MARC-krimdoka001.raw
|